00907cam a22002653a 4500001000500000005001700005008004100022020002200063020001800085040003000103050001500133082001100148100003400159245005600193246003400249260004100283300002300324500005300347505000800400520014600408521002000554521002000574650001900594655002800613100620230815142304.0040421t20041975nyu j 000 j eng d a043964383X (pbk.) a9780590447874 aCQFcCQFdOCLCQdDLCbeng00aPZ7.S68524 a808.831 aSobol, Donald J.,d1924-2012.10aTwo-minute mysteries collection /cDonald J. Sobol.3 a2 minute mysteries collection aNew York :bScholastic,c2004, 1967. a158 pages :c20 cm aCompilation of three previously published books.0 aU  aFor use in schools and libraries only. A collection of 158 mini-mysteries in which readers play Dr. Watson to master-detective Dr. Haledjian. a820 bLexile  aU bRaz-Plus  0aShort stories. 7aMystery fiction.2gsafd